JetPunk by Letter - Statistics

General Stats
  • This quiz has been taken 64 times
  • The average score is 9 of 26
Answer Stats
Clue Answer % Correct
D Most guessed currency Dollar
73%
C Most taken quiz Countries of the World
70%
E Tied for most guessed official language English
68%
H Most guessed Periodic Table Element Hydrogen
68%
I Tied for most guessed European country Italy
62%
O Tied for most guessed element by symbol Oxygen
62%
Y Most guessed country that starts with 'Y' Yemen
60%
T Tied for most guessed US State Texas
58%
U Tied for most guessed country United States
58%
W Most guessed capital of the Americas Washington, DC
57%
M Least guessed European country Moldova
55%
Q Maker of this website Quizmaster
53%
X Most guessed element starting with 'X' Xenon
53%
R User that has the most takes relessness
25%
N Least guessed world capital Ngerulmud
20%
S Created "12 x 12 Multiplication Table in 2 Minutes" scambigol
20%
J User with the most quizzzes Jerry928
17%
K Known for "Breakdown Puzzles" kiwirage
17%
A Top 'A' User alberici
7%
B Known for "Word Puzzles" buck1017
7%
F Most taken user created quiz Fast Typing A-Z
7%
G Known for "History by Letter" Geoguy
7%
P Most taken user with all non-english quizzes punkfrancais
7%
L Made "Countries of Africa" LukeAllan
5%
Z Made "Official Languages of the World" Zefyrinus
3%
V Made "Perfect Squares" vlm64
2%
No matching quizzes found
Score Distribution
Percent of People with Each Score
Percentile by Number Answered
Your Score History
You have not taken this quiz